000 00256nam a2200097Ia 4500
001 1172724
005 20250827012600.0
008 250824s9999 xx 000 0 und d
245 0 _aENDER KUŞ
_cSHELLY PEARSALL
260 _bGÜNIŞIGI KİTAPLIĞI YAYINLARI
999 _c1172724
_d1172724